00203nam a2200085Ia 4500008004100000041000800041100001400049245004500063260000900108230508s1991 xx 000 0 und d aeng aMICROSOFT aMICROSOFT FORTRAN VERSION 5.0 QUICK REF. c1991